[Event "TCh-FRA Top 16 Haute 2023"]
[Site "Chartres FRA"]
[Date "2023.06.08"]
[Round "1.1"]
[Board "6"]
[White "Delorme, Axel"]
[Black "Maze, Sebastien"]
[Result "1/2-1/2"]
[WhiteTitle "GM"]
[BlackTitle "GM"]
[WhiteElo "2483"]
[BlackElo "2539"]
[WhiteTeam "Clichy Echecs 92"]
[BlackTeam "Bischwiller"]
[WhiteFideId "632023"]
[BlackFideId "613762"]
[EventDate "2023.06.08"]

1. e4 c5 2. Nf3 Nc6 3. d4 cxd4 4. Nxd4 e5 5. Nb3 Bb4+ 6. Bd2 Nf6 7. Bxb4 Nxb4 8.
Qd2 a5 9. a3 Nc6 10. Nc3 a4 11. Nc1 d6 12. N1a2 Be6 13. Bd3 Qb6 14. O-O-O O-O
15. Kb1 Rfd8 16. Rhe1 Ra5 17. Qe3 Qc7 18. f3 Bxa2+ 19. Nxa2 Rc5 20. Rd2 g6 21.
Red1 Qa5 22. Bf1 d5 23. exd5 Rcxd5 24. Nc3 Rd4 25. Qe1 Kg7 26. g3 Nd5 27. Nxd5
R8xd5 28. Rxd4 Qxe1 29. Rxe1 Nxd4 30. Bg2 Rc5 31. c3 Nf5 32. Bf1 Kf6 33. Bd3 Nd6
34. Kc2 Ke6 35. f4 f5 36. fxe5 Rxe5 37. Rf1 Ne4 38. Bc4+ Ke7 39. Bd3 Ke6 40.
Bc4+ Ke7 41. Bd3 h5 42. Kd1 Rd5 43. Ke2 Nc5 44. Bc2 Re5+ 45. Kf3 g5 46. Rd1 g4+
47. Kf2 Ne4+ 48. Bxe4 Rxe4 49. Rd5 f4 50. Rxh5 f3 51. Rh7+ Kf6 52. Rxb7 Re2+ 53.
Kg1 Rg2+ 54. Kh1 Kf5 55. Rb4 Rd2 56. h3 gxh3 57. Rf4+ Kg5 58. Rxf3 Kg4 59. Rf8
Rxb2 60. Rg8+ Kf3 61. Rf8+ Kxg3 62. Rg8+ Kf2 63. Rf8+ Kg3 1/2-1/2

[Event "TCh-FRA Top 16 Haute 2023"]
[Site "Chartres FRA"]
[Date "2023.06.08"]
[Round "1.1"]
[Board "7"]
[White "Bellahcene, Bilel"]
[Black "Libiszewski, Fabien"]
[Result "1/2-1/2"]
[WhiteTitle "GM"]
[BlackTitle "GM"]
[WhiteElo "2497"]
[BlackElo "2498"]
[WhiteTeam "Bischwiller"]
[BlackTeam "Clichy Echecs 92"]
[WhiteFideId "696358"]
[BlackFideId "616834"]
[EventDate "2023.06.08"]

1. d4 Nf6 2. c4 g6 3. Nc3 Bg7 4. e4 d6 5. h3 O-O 6. Be3 e5 7. d5 Na6 8. g4 Nc5
9. f3 a5 10. Qd2 c6 11. Nge2 cxd5 12. cxd5 Bd7 13. Nc1 Ne8 14. Nd3 b6 15. h4 f5
16. gxf5 gxf5 17. Bg5 Nf6 18. h5 f4 19. h6 Bh8 20. Nb5 Bxb5 21. Nxc5 bxc5 22.
Rg1 Kf7 23. Bxb5 Rg8 24. Qh2 Qb6 25. a4 c4 26. Qf2 Qxf2+ 27. Kxf2 Rab8 28. Rac1
Rgc8 29. Rc2 Ne8 30. Bd7 Rc7 31. Be6+ Kf8 32. Bh4 Bf6 33. Rg8+ Ke7 34. Bxf6+
Kxf6 35. Ke1 Rcb7 36. Rcg2 c3 37. bxc3 Rb1+ 38. Kd2 R1b2+ 39. Kd3 Rxg2 40. Rxg2
Nc7 41. Bd7 Na6 42. Bb5 Nc5+ 43. Kc2 Rb7 44. Rg8 Ra7 45. c4 Rf7 46. Ra8 Kg5 47.
Rxa5 Kh4 48. Be8 Rf8 49. Rxc5 dxc5 50. Bd7 Kg3 51. Bg4 Rf6 52. Kb3 Rxh6 53. a5
Rg6 54. Bh5 Rh6 55. Bg4 Rg6 56. Bh5 Rh6 57. Bg4 1/2-1/2

[Event "TCh-FRA Top 16 Haute 2023"]
[Site "Chartres FRA"]
[Date "2023.06.08"]
[Round "1.1"]
[Board "8"]
[White "Benmesbah, Natacha"]
[Black "Sebag, Marie"]
[Result "1/2-1/2"]
[WhiteTitle "WIM"]
[BlackTitle "GM"]
[WhiteElo "2279"]
[BlackElo "2421"]
[WhiteTeam "Clichy Echecs 92"]
[BlackTeam "Bischwiller"]
[WhiteFideId "642002"]
[BlackFideId "617822"]
[EventDate "2023.06.08"]

1. e4 c5 2. Nf3 d6 3. d4 cxd4 4. Nxd4 Nf6 5. Nc3 a6 6. Bg5 e6 7. f4 Qb6 8. Bxf6
gxf6 9. Qd2 Qxb2 10. Nb3 Qa3 11. Be2 h5 12. O-O Qb4 13. Rab1 Qb6+ 14. Kh1 Nc6
15. Rf3 Bd7 16. Rh3 h4 17. Na4 Qc7 18. Qe3 b5 19. Nb6 Rb8 20. Nxd7 Qxd7 21. Qf2
Qa7 22. Qxa7 Nxa7 23. Nd4 Bg7 24. f5 Kd7 25. Ra3 Rb6 26. Bc4 e5 27. Nf3 Ke7 28.
Bd5 Rc8 29. c4 Rcb8 30. cxb5 Rxb5 31. Rc1 Rb1 32. Rc3 Bh6 33. Rg1 R8b2 34. a4
Rxg1+ 35. Kxg1 Rb1+ 36. Kf2 Rb2+ 37. Kf1 Rb1+ 38. Ke2 Rb2+ 39. Kd3 Kd8 40. Rc2
Rxc2 41. Kxc2 Bf4 42. Bb7 a5 43. h3 Bg3 44. Bd5 Nc8 45. Bxf7 Nb6 46. Bb3 Kc7 47.
Nd2 Kc6 48. Nc4 Nxc4 49. Bxc4 Kc5 50. Kd3 Bf4 51. Bd5 Kb4 52. Bc6 Kc5 53. Bd5
Kb4 54. Bc6 Kc5 55. Bd5 1/2-1/2

[Event "TCh-FRA Top 16 Haute 2023"]
[Site "Chartres FRA"]
[Date "2023.06.08"]
[Round "1.2"]
[Board "1"]
[White "Ivanchuk, Vasyl"]
[Black "Nihal, Sarin"]
[Result "1/2-1/2"]
[WhiteTitle "GM"]
[BlackTitle "GM"]
[WhiteElo "2655"]
[BlackElo "2681"]
[WhiteTeam "C'Chartres Echecs"]
[BlackTeam "Mulhouse Philidor"]
[WhiteFideId "14100010"]
[BlackFideId "25092340"]
[EventDate "2023.06.08"]

1. d4 d5 2. c4 dxc4 3. e3 Nf6 4. Bxc4 e6 5. Nf3 c5 6. O-O a6 7. dxc5 Bxc5 8.
Qxd8+ Kxd8 9. b3 Ke7 10. Bb2 b6 11. Nbd2 Bb7 12. Be2 Nbd7 13. Rfd1 Rhc8 14. Ne1
Bb4 15. Nd3 Bxd2 16. Rxd2 Ne4 17. Bf3 Ra7 18. Bxe4 Bxe4 19. Rad1 Bxd3 20. Rxd3
g6 21. R3d2 Rc6 22. g4 f6 23. h4 Rac7 24. g5 fxg5 25. hxg5 e5 26. Ba3+ Ke6 27.
e4 Nc5 28. Bxc5 bxc5 29. f3 c4 30. bxc4 Rxc4 31. Rd6+ Kf7 32. Rxa6 Rc2 33. Rf1
Kg7 34. Rf2 Rc1+ 35. Kh2 h6 36. gxh6+ Kxh6 37. a4 Ra1 38. Rg2 Rg7 39. Rg4 Kh5
40. a5 g5 41. Rg3 Ra2+ 42. Kh3 Rf7 43. Ra8 Rf6 44. Ra7 Rf4 45. Rh7+ Kg6 46. Rh8
Rxa5 47. Rg8+ Kf6 48. R3xg5 Rxf3+ 49. Kg4 Rf4+ 50. Kh5 Ra1 51. R8g6+ Kf7 52.
Rxe5 Rxe4 53. Rxe4 Rh1+ 54. Rh4 Rxh4+ 55. Kxh4 Kxg6 1/2-1/2

[Event "TCh-FRA Top 16 Haute 2023"]
[Site "Chartres FRA"]
[Date "2023.06.08"]
[Round "1.2"]
[Board "2"]
[White "Mendonca, Leon Luke"]
[Black "Mamedov, Rauf"]
[Result "1/2-1/2"]
[WhiteTitle "GM"]
[BlackTitle "GM"]
[WhiteElo "2623"]
[BlackElo "2642"]
[WhiteTeam "Mulhouse Philidor"]
[BlackTeam "C'Chartres Echecs"]
[WhiteFideId "35028561"]
[BlackFideId "13401653"]
[EventDate "2023.06.08"]

1. d4 d5 2. c4 e6 3. Nf3 Nf6 4. Nc3 Nbd7 5. cxd5 exd5 6. Bg5 h6 7. Bh4 c6 8. Qc2
g5 9. Bg3 Nh5 10. e4 dxe4 11. Nxe4 Bb4+ 12. Nfd2 Nxg3 13. hxg3 Nf6 14. O-O-O
Bxd2+ 15. Nxd2 Kf8 16. Bc4 Kg7 17. Nf1 b5 18. Bb3 a5 19. Qc5 Re8 20. Bc2 Qd5 21.
Ne3 Qxc5 22. dxc5 Re5 23. Rd8 Rxc5 24. Kb1 Nd5 25. Nxd5 Rxd5 26. Rxd5 cxd5 27.
Bd3 b4 28. Kc2 Be6 29. Ra1 d4 30. a3 Rc8+ 31. Kd2 Rb8 32. axb4 Rxb4 33. Rxa5
Rxb2+ 34. Ke1 Kf6 35. Ra8 Ra2 36. Rh8 Bf5 37. Rxh6+ Ke5 1/2-1/2

[Event "TCh-FRA Top 16 Haute 2023"]
[Site "Chartres FRA"]
[Date "2023.06.08"]
[Round "1.2"]
[Board "4"]
[White "Terrieux, Kevin"]
[Black "Bauer, Christian"]
[Result "0-1"]
[WhiteTitle "IM"]
[BlackTitle "GM"]
[WhiteElo "2446"]
[BlackElo "2593"]
[WhiteTeam "Mulhouse Philidor"]
[BlackTeam "C'Chartres Echecs"]
[WhiteFideId "622591"]
[BlackFideId "603767"]
[EventDate "2023.06.08"]

1. d4 g6 2. e4 d5 3. exd5 Qxd5 4. Nc3 Qd8 5. Nf3 Bg7 6. Bc4 Nf6 7. O-O O-O 8. h3
a6 9. a4 Nc6 10. Re1 b6 11. Bf4 Bb7 12. Be5 e6 13. Bf4 Ne7 14. Be5 Nc6 15. Bf4
Nb4 16. Ne5 Nfd5 17. Nxd5 Nxd5 18. Bg3 h6 19. c3 Kh7 20. Nf3 Qe7 21. Qe2 c5 22.
Be5 cxd4 23. Bxg7 Kxg7 24. Qe5+ Qf6 25. Nxd4 Qxe5 26. Rxe5 Rac8 27. Bf1 Nf6 28.
Ree1 Rfd8 29. g3 Nd7 30. Bg2 Bxg2 31. Kxg2 Nc5 32. Re2 Rd5 33. a5 b5 34. Nc2 Nb3
35. Rae1 Rd6 36. Nb4 Ra8 37. Re5 Rd2 38. R1e2 Rxe2 39. Rxe2 Nxa5 40. Re1 Nc4 41.
Re2 a5 42. Nc6 Rc8 43. Ne5 Nb6 44. f4 g5 45. fxg5 hxg5 46. Nf3 Rc5 47. Nd4 Rd5
48. b3 b4 0-1

[Event "TCh-FRA Top 16 Haute 2023"]
[Site "Chartres FRA"]
[Date "2023.06.08"]
[Round "1.2"]
[Board "5"]
[White "Maurizzi, Marc'Andria"]
[Black "Rakotomaharo, Fy Antenaina"]
[Result "0-1"]
[WhiteTitle "GM"]
[BlackTitle "IM"]
[WhiteElo "2548"]
[BlackElo "2462"]
[WhiteTeam "C'Chartres Echecs"]
[BlackTeam "Mulhouse Philidor"]
[WhiteFideId "36083534"]
[BlackFideId "13100050"]
[EventDate "2023.06.08"]

1. e4 c5 2. Nf3 e6 3. g3 Nc6 4. Bg2 Nf6 5. Qe2 e5 6. O-O Be7 7. c3 O-O 8. Na3
Re8 9. d3 h6 10. Nc4 Bf8 11. Ne3 d5 12. exd5 Nxd5 13. Nxd5 Qxd5 14. Be3 Bg4 15.
h3 Bh5 16. g4 Bg6 17. Rfd1 Qd8 18. Qf1 Rc8 19. Nh2 Rc7 20. Be4 Rd7 21. Bxg6 fxg6
22. Nf3 Qf6 23. Nd2 Red8 24. b3 b6 25. Ne4 Qf3 26. Rd2 g5 27. Rad1 Ne7 28. Qg2
Qf7 29. Ng3 Nd5 30. Ne4 a5 31. Qg3 Qe6 32. c4 Ne7 33. h4 gxh4 34. Qxh4 Ng6 35.
Qh3 Rf7 36. f3 Be7 37. Rf1 Rdf8 38. Rdf2 Qd7 39. Qh5 Nh4 40. Nd2 Bd8 41. g5 Nf5
42. g6 Rf6 43. Re1 Nxe3 44. Rxe3 Rf5 45. Qh1 Bg5 46. Ree2 Qd4 0-1

[Event "TCh-FRA Top 16 Haute 2023"]
[Site "Chartres FRA"]
[Date "2023.06.08"]
[Round "1.2"]
[Board "6"]
[White "Riff, Jean-Noel"]
[Black "Guliyev, Namig"]
[Result "0-1"]
[WhiteTitle "GM"]
[BlackTitle "GM"]
[WhiteElo "2401"]
[BlackElo "2521"]
[WhiteTeam "Mulhouse Philidor"]
[BlackTeam "C'Chartres Echecs"]
[WhiteFideId "611190"]
[BlackFideId "13400363"]
[EventDate "2023.06.08"]

1. e4 e5 2. Nf3 Nf6 3. Nxe5 d6 4. Nf3 Nxe4 5. d4 d5 6. Bd3 Be7 7. O-O Nc6 8. Re1
Bg4 9. c3 f5 10. Nbd2 Qd6 11. Qb3 O-O-O 12. Bb5 Bf6 13. Bxc6 Qxc6 14. Ne5 Bxe5
15. dxe5 Rhe8 16. Nf1 Qg6 17. Qa3 a6 18. Bf4 h5 19. h4 Bf3 20. Ng3 Bxg2 21. Kxg2
Qg4 22. Bg5 f4 23. Bxd8 f3+ 24. Kh2 Nxf2 0-1

[Event "TCh-FRA Top 16 Haute 2023"]
[Site "Chartres FRA"]
[Date "2023.06.08"]
[Round "1.2"]
[Board "7"]
[White "Lagarde, Maxime"]
[Black "Sokolov, Andrei1"]
[Result "1/2-1/2"]
[WhiteTitle "GM"]
[BlackTitle "GM"]
[WhiteElo "2597"]
[BlackElo "2464"]
[WhiteTeam "C'Chartres Echecs"]
[BlackTeam "Mulhouse Philidor"]
[WhiteFideId "662399"]
[BlackFideId "627089"]
[EventDate "2023.06.08"]

1. e4 c5 2. Nf3 e6 3. d4 cxd4 4. Nxd4 Nf6 5. Nc3 Nc6 6. Ndb5 Bb4 7. a3 Bxc3+ 8.
Nxc3 d5 9. exd5 exd5 10. Bd3 O-O 11. Bg5 h6 12. Bh4 Re8+ 13. Ne2 Nd4 14. O-O
Nxe2+ 15. Bxe2 Qb6 16. Rb1 Bf5 17. Bd3 Ne4 18. Kh1 Qg6 19. Rc1 Nd6 20. Be2 Nc4
21. Bh5 Qe6 22. Bf3 Be4 23. Bg4 Qg6 24. Bh3 Nxb2 25. Qd4 Nc4 26. Bg3 Nxa3 27. f3
Bf5 28. Qxd5 Bxh3 29. gxh3 Qc6 30. Qxc6 bxc6 31. c4 Re2 32. Rf2 Rxf2 33. Bxf2
Rb8 34. Bxa7 Rb1 35. Rxb1 Nxb1 36. Be3 Na3 37. c5 Kf8 38. Kg2 Nc2 39. Bf4 Ke7
40. Be5 Ne3+ 41. Kg3 Ke6 42. Bb2 g6 43. Kf4 Nd5+ 44. Ke4 g5 45. Bc1 f5+ 46. Kd4
Nf4 47. Bxf4 gxf4 48. h4 h5 49. h3 Kf6 50. Kd3 Ke5 51. Kc4 Ke6 52. Kd4 1/2-1/2

[Event "TCh-FRA Top 16 Haute 2023"]
[Site "Chartres FRA"]
[Date "2023.06.08"]
[Round "1.2"]
[Board "8"]
[White "Navrotescu, Andreea"]
[Black "Daulyte-Cornette, Deimante"]
[Result "1/2-1/2"]
[WhiteTitle "WGM"]
[BlackTitle "IM"]
[WhiteElo "2194"]
[BlackElo "2354"]
[WhiteTeam "Mulhouse Philidor"]
[BlackTeam "C'Chartres Echecs"]
[WhiteFideId "675946"]
[BlackFideId "12802859"]
[EventDate "2023.06.08"]

1. d4 d5 2. c4 e6 3. Nc3 Nf6 4. Nf3 a6 5. cxd5 exd5 6. Bf4 Bd6 7. e3 Bxf4 8.
exf4 Bg4 9. Qe2+ Kf8 10. h3 Bxf3 11. Qxf3 Nc6 12. O-O-O Qd6 13. g3 Ne4 14. Bg2
Nxc3 15. Qxc3 Rd8 16. Qc5 1/2-1/2

[Event "TCh-FRA Top 16 Haute 2023"]
[Site "Chartres FRA"]
[Date "2023.06.08"]
[Round "1.3"]
[Board "1"]
[White "Grandelius, Nils"]
[Black "Vachier-Lagrave, Maxime"]
[Result "1/2-1/2"]
[WhiteTitle "GM"]
[BlackTitle "GM"]
[WhiteElo "2674"]
[BlackElo "2747"]
[WhiteTeam "Echiquier Chalonnais"]
[BlackTeam "Asnieres Le Grand Echiquier"]
[WhiteFideId "1710400"]
[BlackFideId "623539"]
[EventDate "2023.06.08"]

1. e4 c5 2. Nf3 Nc6 3. Bb5 g6 4. O-O Bg7 5. c3 Nf6 6. Re1 O-O 7. h3 e5 8. d4
cxd4 9. cxd4 Nxd4 10. Nxd4 exd4 11. Qxd4 d5 12. e5 Ne4 13. Nc3 Nxc3 14. bxc3 Qa5
15. a4 Be6 16. Bd2 Rfc8 17. h4 h5 18. c4 Qb6 19. Qxb6 axb6 20. cxd5 Bxd5 21. Bb4
Bf8 22. Bd6 Bc6 23. Rac1 Bxb5 24. axb5 Rxc1 25. Rxc1 Rd8 26. Rc7 Bxd6 27. exd6
Rxd6 28. Rxb7 Kg7 29. f3 Kf6 30. Kf2 Rd2+ 31. Kg3 Rd6 32. Kf4 Rd4+ 33. Kg3 Rd6
34. Kf2 Rd2+ 35. Kf1 Ke5 36. g3 1/2-1/2

[Event "TCh-FRA Top 16 Haute 2023"]
[Site "Chartres FRA"]
[Date "2023.06.08"]
[Round "1.3"]
[Board "2"]
[White "Esipenko, Andrey"]
[Black "Korobov, Anton"]
[Result "1/2-1/2"]
[WhiteTitle "GM"]
[BlackTitle "GM"]
[WhiteElo "2682"]
[BlackElo "2661"]
[WhiteTeam "Asnieres Le Grand Echiquier"]
[BlackTeam "Echiquier Chalonnais"]
[WhiteFideId "24175439"]
[BlackFideId "14105730"]
[EventDate "2023.06.08"]

1. e4 c5 2. Nf3 d6 3. Bb5+ Bd7 4. Bxd7+ Nxd7 5. c4 g6 6. d4 Bg7 7. Nc3 Rc8 8.
Be3 Ngf6 9. d5 a6 10. Qe2 b5 11. cxb5 axb5 12. Qxb5 Rb8 13. Qe2 Ng4 14. Bc1 Qa5
15. O-O Bxc3 16. bxc3 Qxc3 17. Bd2 Qa3 18. h3 Nge5 19. Nxe5 Nxe5 20. f4 Nd3 21.
e5 c4 22. exd6 Qxd6 23. Qe4 Rc8 24. f5 O-O 25. Bc3 Rfd8 26. fxg6 hxg6 27. Qh4 f6
28. Qh6 Qg3 29. Rf3 Qg5 30. Qxg5 fxg5 31. Re3 Kf7 32. Rf1+ Ke8 33. Rf6 Rxd5 34.
Rxg6 Rc7 35. Rg8+ Kd7 36. Rg7 Kd6 37. Re4 Ra7 38. a4 Rxa4 39. Rexe7 Ra3 40. Rd7+
Kc6 41. Rc7+ Kb5 42. Rb7+ 1/2-1/2

[Event "TCh-FRA Top 16 Haute 2023"]
[Site "Chartres FRA"]
[Date "2023.06.08"]
[Round "1.3"]
[Board "3"]
[White "Fedorchuk, Sergey A."]
[Black "Oparin, Grigoriy"]
[Result "1/2-1/2"]
[WhiteTitle "GM"]
[BlackTitle "GM"]
[WhiteElo "2579"]
[BlackElo "2687"]
[WhiteTeam "Echiquier Chalonnais"]
[BlackTeam "Asnieres Le Grand Echiquier"]
[WhiteFideId "14102536"]
[BlackFideId "24125890"]
[EventDate "2023.06.08"]

1. e4 e5 2. Nf3 Nc6 3. Bb5 a6 4. Ba4 d6 5. O-O Bg4 6. h3 h5 7. Bxc6+ bxc6 8. d4
Qf6 9. c3 Bxf3 10. Qxf3 Qxf3 11. gxf3 exd4 12. cxd4 Ne7 1/2-1/2

[Event "TCh-FRA Top 16 Haute 2023"]
[Site "Chartres FRA"]
[Date "2023.06.08"]
[Round "1.3"]
[Board "4"]
[White "Moussard, Jules"]
[Black "Dorfman, Iossif"]
[Result "1-0"]
[WhiteTitle "GM"]
[BlackTitle "GM"]
[WhiteElo "2655"]
[BlackElo "2541"]
[WhiteTeam "Asnieres Le Grand Echiquier"]
[BlackTeam "Echiquier Chalonnais"]
[WhiteFideId "642908"]
[BlackFideId "604011"]
[EventDate "2023.06.08"]

1. e4 e5 2. Nf3 Nc6 3. Bb5 a6 4. Ba4 Nf6 5. O-O Bc5 6. c3 Ba7 7. d4 O-O 8. Re1
d6 9. h3 Re8 10. dxe5 dxe5 11. Qxd8 Rxd8 12. Bxc6 bxc6 13. Na3 Re8 14. Nc4 Nd7
15. b4 f6 16. Be3 Bxe3 17. Rxe3 c5 18. Rd1 Nb6 19. Nxb6 cxb6 20. Rd6 Rb8 21. Nh4
a5 22. a3 Be6 23. Red3 axb4 24. axb4 cxb4 25. cxb4 b5 26. Nf5 g6 27. Ne3 Kf7 28.
g4 h6 29. Kg2 Ke7 30. Ra6 Red8 31. Ra7+ Kf8 32. Rc3 Rbc8 33. Rxc8 Rxc8 34. Rb7
Bc4 35. h4 Rd8 36. h5 Bd3 37. f3 gxh5 38. gxh5 Rd4 39. Nf5 Rxb4 40. Rb8+ Kf7 41.
Nxh6+ Kg7 42. Nf5+ Kh7 43. Rb7+ Kh8 44. Nh4 Rb2+ 45. Kg3 Rb1 46. Kg4 Rg1+ 47.
Kf5 Rg7 48. Rb6 Bc4 49. Kxf6 1-0

[Event "TCh-FRA Top 16 Haute 2023"]
[Site "Chartres FRA"]
[Date "2023.06.08"]
[Round "1.3"]
[Board "5"]
[White "Velten, Paul"]
[Black "Harikrishna, Pentala"]
[Result "0-1"]
[WhiteTitle "GM"]
[BlackTitle "GM"]
[WhiteElo "2493"]
[BlackElo "2704"]
[WhiteTeam "Echiquier Chalonnais"]
[BlackTeam "Asnieres Le Grand Echiquier"]
[WhiteFideId "681091"]
[BlackFideId "5007003"]
[EventDate "2023.06.08"]

1. d4 Nf6 2. c4 e6 3. Nf3 d5 4. Nc3 Bb4 5. Bg5 h6 6. Bh4 Nbd7 7. e3 c5 8. Be2
Qa5 9. O-O Bxc3 10. bxc3 Ne4 11. Bd3 Nxc3 12. Qd2 Qa3 13. Rac1 Ne4 14. Qc2 Nef6
15. cxd5 Nxd5 16. dxc5 Nb4 17. Qd2 Nxd3 18. Rc3 Qa5 19. Qxd3 O-O 20. Qc2 Nb8 21.
e4 Nc6 22. e5 Nb4 23. Qb3 Nd5 24. Rc4 Bd7 25. Rfc1 Rfc8 26. Nd4 b5 27. R4c2 Bc6
28. f3 b4 29. Rc4 Qc7 30. Nxc6 Qxc6 31. Be1 a5 32. Qd3 Qb5 33. Qd4 Ne7 34. g4
Rd8 35. Qe4 Qc6 36. Qe2 Rd5 37. h4 Ng6 38. f4 Rad8 39. h5 Ne7 40. a3 bxa3 41.
Bxa5 Ra8 0-1

[Event "TCh-FRA Top 16 Haute 2023"]
[Site "Chartres FRA"]
[Date "2023.06.08"]
[Round "1.3"]
[Board "6"]
[White "Pelletier, Yannick"]
[Black "David, Alberto"]
[Result "1/2-1/2"]
[WhiteTitle "GM"]
[BlackTitle "GM"]
[WhiteElo "2511"]
[BlackElo "2540"]
[WhiteTeam "Asnieres Le Grand Echiquier"]
[BlackTeam "Echiquier Chalonnais"]
[WhiteFideId "1301837"]
[BlackFideId "4000013"]
[EventDate "2023.06.08"]

1. d4 Nf6 2. c4 e6 3. Nf3 b6 4. a3 Bb7 5. Nc3 d5 6. Bg5 Be7 7. Qa4+ c6 8. cxd5
Nxd5 9. Bxe7 Nxc3 10. bxc3 Qxe7 11. e4 O-O 12. Bd3 c5 13. O-O Nd7 14. Rfe1 cxd4
15. cxd4 Rfc8 16. Qb3 h6 1/2-1/2

[Event "TCh-FRA Top 16 Haute 2023"]
[Site "Chartres FRA"]
[Date "2023.06.08"]
[Round "1.3"]
[Board "7"]
[White "Salgado Lopez, Ivan"]
[Black "Cornette, Matthieu"]
[Result "1/2-1/2"]
[WhiteTitle "GM"]
[BlackTitle "GM"]
[WhiteElo "2591"]
[BlackElo "2578"]
[WhiteTeam "Echiquier Chalonnais"]
[BlackTeam "Asnieres Le Grand Echiquier"]
[WhiteFideId "2257327"]
[BlackFideId "620084"]
[EventDate "2023.06.08"]

1. Nf3 Nf6 2. g3 c5 3. Bg2 Nc6 4. O-O e5 5. e4 d6 6. c3 Nxe4 7. d4 f5 8. dxe5
dxe5 9. Nbd2 Nxd2 10. Nxd2 Bd7 11. Qh5+ g6 12. Qe2 Qf6 13. Rd1 Be7 14. Nb3 Rc8
15. h4 f4 16. gxf4 1/2-1/2

[Event "TCh-FRA Top 16 Haute 2023"]
[Site "Chartres FRA"]
[Date "2023.06.08"]
[Round "1.3"]
[Board "8"]
[White "Guichard, Pauline"]
[Black "Alexieva, Silvia"]
[Result "1-0"]
[WhiteTitle "IM"]
[BlackTitle "IM"]
[WhiteElo "2395"]
[BlackElo "2213"]
[WhiteTeam "Asnieres Le Grand Echiquier"]
[BlackTeam "Echiquier Chalonnais"]
[WhiteFideId "639370"]
[BlackFideId "2902265"]
[EventDate "2023.06.08"]

1. d4 Nf6 2. c4 e6 3. Nf3 b6 4. g3 Ba6 5. b3 Bb4+ 6. Bd2 Be7 7. Nc3 d5 8. cxd5
exd5 9. Bg2 O-O 10. O-O Re8 11. Ne5 Bb7 12. Bf4 Nbd7 13. Rc1 c6 14. e4 dxe4 15.
Nxe4 Nxe5 16. Bxe5 Nxe4 17. Bxe4 f6 18. Qh5 g6 19. Bxg6 hxg6 20. Qxg6+ Kh8 21.
Rfe1 Qd7 22. Re4 fxe5 23. Rxe5 Bg5 24. Qh5+ Qh7 25. Rxe8+ Rxe8 26. Qxe8+ Kg7 27.
Re1 c5 28. Qd7+ 1-0

[Event "TCh-FRA Top 16 Haute 2023"]
[Site "Chartres FRA"]
[Date "2023.06.08"]
[Round "1.4"]
[Board "1"]
[White "Vidit, Santosh Gujrathi"]
[Black "Saric, Ivan"]
[Result "1/2-1/2"]
[WhiteTitle "GM"]
[BlackTitle "GM"]
[WhiteElo "2712"]
[BlackElo "2670"]
[WhiteTeam "Lyon Olympique Echecs"]
[BlackTeam "Grasse Echecs"]
[WhiteFideId "5029465"]
[BlackFideId "14508150"]
[EventDate "2023.06.08"]

1. e4 c5 2. Nf3 e6 3. c4 Nc6 4. d4 cxd4 5. Nxd4 Nf6 6. Nc3 Bb4 7. Nxc6 bxc6 8.
Bd3 e5 9. O-O O-O 10. h3 Re8 11. Qc2 Bc5 12. Rb1 a5 13. a3 Rb8 14. Bd2 d6 15.
Ne2 Bb6 16. Ng3 d5 17. cxd5 cxd5 18. Bg5 h6 19. Bxf6 Qxf6 20. exd5 Qf4 21. Kh1
Bd7 22. b4 Rbc8 23. Qe2 e4 24. Bb5 Bxb5 25. Qxb5 Bc7 26. Rbc1 axb4 27. axb4 h5
28. Qd7 h4 29. d6 Qxd6 30. Qxd6 Bxd6 31. Rxc8 Rxc8 32. Nxe4 1/2-1/2

[Event "TCh-FRA Top 16 Haute 2023"]
[Site "Chartres FRA"]
[Date "2023.06.08"]
[Round "1.4"]
[Board "2"]
[White "Demuth, Adrien"]
[Black "Ter-Sahakyan, Samvel"]
[Result "1/2-1/2"]
[WhiteTitle "GM"]
[BlackTitle "GM"]
[WhiteElo "2485"]
[BlackElo "2598"]
[WhiteTeam "Grasse Echecs"]
[BlackTeam "Lyon Olympique Echecs"]
[WhiteFideId "642274"]
[BlackFideId "13302531"]
[EventDate "2023.06.08"]

1. d4 Nf6 2. c4 e6 3. Nc3 Bb4 4. Qc2 d5 5. a3 Bxc3+ 6. Qxc3 O-O 7. Nf3 b6 8. Bg5
dxc4 9. Qxc4 c5 10. dxc5 bxc5 11. e3 h6 12. Bxf6 Qxf6 13. Qxc5 Qxb2 14. Qd4 Qb6
15. Qxb6 axb6 16. Be2 Nc6 17. O-O Ba6 18. Bxa6 Rxa6 19. Rfc1 b5 20. Rab1 Rb8 21.
g3 b4 22. axb4 Rxb4 23. Rxb4 Nxb4 24. Ne5 1/2-1/2

[Event "TCh-FRA Top 16 Haute 2023"]
[Site "Chartres FRA"]
[Date "2023.06.08"]
[Round "1.4"]
[Board "3"]
[White "Grigoryan, Karen H."]
[Black "Lupulescu, Constantin"]
[Result "0-1"]
[WhiteTitle "GM"]
[BlackTitle "GM"]
[WhiteElo "2626"]
[BlackElo "2573"]
[WhiteTeam "Lyon Olympique Echecs"]
[BlackTeam "Grasse Echecs"]
[WhiteFideId "13301004"]
[BlackFideId "1207822"]
[EventDate "2023.06.08"]

1. e4 c5 2. Nf3 e6 3. d4 cxd4 4. Nxd4 Nf6 5. Nc3 Nc6 6. a3 Be7 7. Be3 O-O 8. Be2
d6 9. Qd2 e5 10. Nb3 Nxe4 11. Nxe4 d5 12. Nc3 d4 13. Bc4 dxc3 14. Qxc3 Bf6 15.
Bc5 e4 16. Qe3 Re8 17. Rd1 Bd7 18. O-O Qc8 19. Bd5 Bxb2 20. c3 Be6 21. Qg3 Bxd5
22. Rxd5 b6 23. Bd6 Ne7 24. Bxe7 Rxe7 25. Nd4 Qxc3 26. Nf5 Re6 27. Qg4 Bxa3 28.
Rd4 Bf8 29. Rxe4 h5 30. Qf4 Rae8 31. Re3 Qf6 32. Rf3 Re5 33. h3 Kh8 34. Qa4 b5
35. Qc2 Qg6 36. Qd3 a5 37. Kh2 a4 38. Rc1 a3 39. Rg1 b4 40. g4 Qe6 41. gxh5 Qd5
42. Nh6 Qxd3 43. Nxf7+ Kg8 44. Nh6+ Kh7 0-1